Pub Quiz Round 7 - Country Anagrams! - Statistics

General Stats
  • This quiz has been taken 1,095 times
  • The average score is 15 of 20
Answer Stats
Anagram Country % Correct
7 laity Italy
97%
10 Mail Mali
96%
5 Rain Iran
92%
4 Chain China
91%
20 Weals Wales
91%
15 Pure Peru
88%
14 Moan Oman
86%
9 Also Laos
85%
12 Plane Nepal
81%
13 Reign Niger
77%
19 Enemy Yemen
77%
3 Analog Angola
73%
2 Rumba Burma
72%
18 Tango Tonga
70%
1 Regalia Algeria
67%
8 Serial Israel
64%
16 Rabies Serbia
58%
6 Tearier Eritrea
42%
11 Acrimonies Micronesia
31%
17 Aneurism Suriname
27%
No matching quizzes found
Score Distribution
Percent of People with Each Score
Percentile by Number Answered
Your Score History
You have not taken this quiz